| 000 | 01193cam a2200349 i 4500 | ||
|---|---|---|---|
| 001 | 2124225 | ||
| 003 | EG-ScBUE | ||
| 005 | 20240911093136.0 | ||
| 008 | 970418t1998 njuak f b 001 0 eng d | ||
| 020 | _a0132624788 | ||
| 020 | _a9780132624787 | ||
| 040 |
_aDLC _beng _erda _cDLC _dDLC _dEG-ScBUE |
||
| 082 | 0 | 4 |
_a511.3 _222 _bLEW |
| 100 | 1 |
_aLewis, Harry R., _eauthor. _937098 |
|
| 245 | 1 | 0 |
_aElements of the theory of computation / _cHarry R. Lewis, Christos H. Papadimitriou. |
| 250 | _aSecond edition. | ||
| 264 | 1 |
_aUpper Saddle River, New Jersey : _bPrentice-Hall, _c[1998] |
|
| 264 | 4 | _cc1998 | |
| 300 |
_a361 pages : _bforms, tables ; _c25 cm |
||
| 336 |
_2rdacontent _atext _btxt |
||
| 337 |
_aunmediated _2rdamedia _bn |
||
| 338 |
_avolume _bnc _2rdacarrier |
||
| 504 | _aIncludes bibliographical references and index. | ||
| 650 | 7 |
_aMachine theory. _2BUEsh _93450 |
|
| 650 | 7 |
_aComputational complexity. _2BUEsh _911175 |
|
| 650 | 7 |
_aLogic, symbolic and mathematical. _2BUEsh _91066 |
|
| 650 | 7 |
_93451 _aFormal languages. _2BUEsh |
|
| 653 |
_bCOMSCI _cJanuary2015 |
||
| 655 |
_vReading book _934232 |
||
| 700 | 1 |
_aPapadimitriou, Christos H., _eauthor. _936633 |
|
| 942 |
_2ddc _cBB |
||
| 999 |
_c18851 _d18823 |
||